[Event "7eme Open de Saint-Chely d'Aubrac"]
[Site "Saint-Chely d'Aubrac (12)"]
[Date "2007.07.16"]
[Round "3.25"]
[White "Wavresky, Andre"]
[Black "Jaafar, Nacer"]
[Result "1/2-1/2"]
[WhiteElo "1590"]
[BlackElo "1460"]
[PlyCount "55"]
[EventDate "2007.??.??"]

1. e4 e5 2. Nf3 Nc6 3. Bb5 Nge7 4. O-O g6 5. c3 Bg7 6. Na3 O-O 7. Nc2 d6 8. h3
h6 9. d4 a6 10. Ba4 Bd7 11. Be3 Kh7 12. Nce1 f5 13. Bc2 Ng8 14. d5 Nb8 15. Bd3
c6 16. c4 Nf6 17. Qc2 f4 18. Bd2 Rf7 19. Nh2 b5 20. Nef3 bxc4 21. Bxc4 c5 22.
Rfe1 Bb5 23. Qd3 Bxc4 24. Qxc4 Qb6 25. Bc3 Qb5 26. Nd2 Nbd7 27. a4 Qb7 28. a5
1/2-1/2

[Event "7eme Open de Saint-Chely d'Aubrac"]
[Site "Saint-Chely d'Aubrac (12)"]
[Date "2007.07.16"]
[Round "3.26"]
[White "Le Picard, Christopher"]
[Black "Heudre, Clement"]
[Result "0-1"]
[WhiteElo "1560"]
[BlackElo "1420"]
[PlyCount "34"]
[EventDate "2007.??.??"]

1. e4 e5 2. Nf3 Nc6 3. Bb5 Bc5 4. d3 d6 5. Nc3 a6 6. Ba4 Bg4 7. O-O b5 8. Bb3
Nd4 9. Be3 Nxf3+ 10. gxf3 Bh3 11. Re1 Bxe3 12. Ne2 Qg5+ 13. Ng3 Bb6 14. Qe2 h5
15. f4 Qxf4 16. Nxh5 Rxh5 17. Bxf7+ Qxf7 0-1

[Event "7eme Open de Saint-Chely d'Aubrac"]
[Site "Saint-Chely d'Aubrac (12)"]
[Date "2007.07.16"]
[Round "3.27"]
[White "Saucey, Milena"]
[Black "Godard, Steven"]
[Result "1-0"]
[WhiteElo "1380"]
[BlackElo "1499"]
[PlyCount "97"]
[EventDate "2007.??.??"]

1. e4 e6 2. d4 d5 3. Nd2 Nf6 4. e5 Nfd7 5. Ngf3 c5 6. Nb3 Nc6 7. Be3 cxd4 8.
Bxd4 Qc7 9. Qe2 a5 10. a4 b6 11. Qe3 Nxd4 12. Nbxd4 Bc5 13. Nb5 Qb8 14. Qg5 O-O
15. Bd3 h6 16. Qg3 Ba6 17. O-O Bxb5 18. Bxb5 Qc7 19. Rfe1 Nb8 20. Rad1 Nc6 21.
Bxc6 Qxc6 22. b3 Bb4 23. Nd4 Qd7 24. c3 Bc5 25. Re3 Bxd4 26. Rxd4 f5 27. exf6
Rxf6 28. Qe5 Raf8 29. f3 Rd8 30. Ree4 Qc6 31. c4 Qc5 32. Rg4 Kf7 33. Kf1 Qd6
34. Qh5+ Kf8 35. Rg6 Rxg6 36. Qxg6 Qe5 37. Rd1 Re8 38. Re1 Qf6 39. Qxf6+ gxf6
40. cxd5 exd5 41. Rxe8+ Kxe8 42. Ke2 Ke7 43. Ke3 Kd6 44. Kd4 Ke6 45. g4 f5 46.
h4 f4 47. h5 Kf6 48. Kxd5 Kg5 49. Ke4 1-0

[Event "7eme Open de Saint-Chely d'Aubrac"]
[Site "Saint-Chely d'Aubrac (12)"]
[Date "2007.07.16"]
[Round "3.28"]
[White "Carrie, Emilien"]
[Black "Schneider, Martin"]
[Result "0-1"]
[WhiteElo "1240"]
[BlackElo "1499"]
[PlyCount "120"]
[EventDate "2007.??.??"]

1. d4 d5 2. Nc3 Nf6 3. Bg5 e6 4. e4 Be7 5. e5 Nfd7 6. Bf4 Bg5 7. Nh3 Bxf4 8.
Nxf4 O-O 9. Nh5 g6 10. Qg4 Kh8 11. Nf4 Qe7 12. Nd3 Nc6 13. Nb5 Qd8 14. Qf4 a6
15. Nc3 Qe7 16. a3 f6 17. exf6 Nxf6 18. Ne5 Nxe5 19. Qxe5 Qg7 20. Be2 Ne8 21.
Qe3 Qf6 22. Bg4 Ng7 23. Ne2 Bd7 24. a4 Rae8 25. Rf1 Qh4 26. Qg3 Qxg3 27. Nxg3
Rf4 28. Bf3 Rxd4 29. b3 Rh4 30. h3 Nf5 31. O-O-O Rf8 32. Be2 Nd4 33. Bg4 Rf4
34. c3 Nxb3+ 35. Kb2 Bxa4 36. Ne2 Re4 37. Ng3 Rc4 38. Rfe1 Nc5 39. Bxe6 Bxd1
40. Rxd1 Nxe6 41. Rxd5 Rc6 42. Ne2 Rb6+ 43. Kc2 Ra4 44. Kd3 Rd6 45. Rd4 Nxd4
46. cxd4 Ra3+ 47. Ke4 Re6+ 48. Kd5 Rxe2 49. f4 Ra5+ 50. Kc4 Rc2+ 51. Kd3 Rxg2
52. h4 Rg4 53. h5 Rxh5 54. Ke4 Kg8 55. Kd3 Rxf4 56. Kc4 b5+ 57. Kc3 a5 58. Kb3
Rh3+ 59. Kc2 Rf2+ 60. Kd1 Rh1# 0-1

[Event "7eme Open de Saint-Chely d'Aubrac"]
[Site "Saint-Chely d'Aubrac (12)"]
[Date "2007.07.16"]
[Round "4.1"]
[White "Deschler, Fabrice"]
[Black "Degraeve, Jean-Marc"]
[Result "0-1"]
[WhiteElo "2151"]
[BlackElo "2520"]
[PlyCount "108"]
[EventDate "2007.??.??"]

1. Nf3 Nf6 2. c4 c5 3. Nc3 Nc6 4. d4 cxd4 5. Nxd4 g6 6. e4 d6 7. Be2 Nxd4 8.
Qxd4 Bg7 9. Be3 O-O 10. Qd2 Be6 11. O-O Qa5 12. Rfc1 Rfc8 13. b3 a6 14. a4 Nd7
15. Rab1 Qb4 16. Nd5 Qxd2 17. Bxd2 Bxd5 18. exd5 a5 19. Bg4 f5 20. Bd1 Bd4 21.
h3 Kf7 22. Be2 Nc5 23. Rd1 Bf6 24. Be3 Ne4 25. Rd3 h5 26. Bf3 Nc3 27. Rc1 Na2
28. Rb1 Nb4 29. Rd2 Bc3 30. Re2 Nd3 31. Rc2 Be5 32. Be2 Nb4 33. Rd2 h4 34. Bd4
Bxd4 35. Rxd4 Rh8 36. Bd3 Rae8 37. Rd1 e5 38. dxe6+ Rxe6 39. Kf1 Ke7 40. Re1
Re5 41. Bb1 Ke6 42. Re3 g5 43. Ke2 f4 44. Ree4 b6 45. Kf3 Rc8 46. Kg4 Rcc5 47.
Kf3 d5 48. cxd5+ Nxd5 49. Rc4 Nf6 50. Rxc5 bxc5 51. Rc4 Kd6 52. Be4 Re8 53. Bg6
Rg8 54. Bf7 $4 Rg7 0-1

[Event "7eme Open de Saint-Chely d'Aubrac"]
[Site "Saint-Chely d'Aubrac (12)"]
[Date "2007.07.16"]
[Round "4.2"]
[White "Saucey, Michel"]
[Black "Bonneville, Jean-Paul"]
[Result "1-0"]
[WhiteElo "2347"]
[BlackElo "2048"]
[PlyCount "33"]
[EventDate "2007.??.??"]

1. d4 Nf6 2. Nf3 e6 3. c4 Bb4+ 4. Bd2 Qe7 5. Nc3 b6 6. g3 Bb7 7. Bg2 O-O 8. O-O
d6 9. Qc2 Bxc3 10. Bxc3 c5 $2 (10... Nbd7) (10... Be4) 11. dxc5 bxc5 12. Bxf6
gxf6 13. Rad1 Nc6 14. Qd2 Rad8 15. Qh6 f5 16. Ng5 f6 17. Nxe6 1-0

[Event "7eme Open de Saint-Chely d'Aubrac"]
[Site "Saint-Chely d'Aubrac (12)"]
[Date "2007.07.16"]
[Round "4.3"]
[White "Candy, Romain"]
[Black "Nass, Emile"]
[Result "1/2-1/2"]
[WhiteElo "2060"]
[BlackElo "2095"]
[PlyCount "54"]
[EventDate "2007.??.??"]

1. Nf3 Nf6 2. g3 d5 3. Bg2 g6 4. O-O Bg7 5. d3 O-O 6. a3 a5 7. Nbd2 Nbd7 8. Rb1
b6 9. c4 e5 10. b3 Bb7 11. cxd5 Nxd5 12. Bb2 Qe7 13. Rc1 Rac8 14. Rc2 b5 15.
Qa1 N5b6 16. Rfc1 c5 17. Nb1 a4 18. Nfd2 Bxg2 19. Kxg2 axb3 20. Nxb3 Na4 21.
Nc3 Nxb2 22. Qxb2 e4 23. Qb1 exd3 24. exd3 Qd6 25. Ne4 Qxd3 26. Nbxc5 Nxc5 27.
Rxc5 Qxb1 1/2-1/2

[Event "7eme Open de Saint-Chely d'Aubrac"]
[Site "Saint-Chely d'Aubrac (12)"]
[Date "2007.07.16"]
[Round "4.4"]
[White "Riff, Jean-Noel"]
[Black "De Biasi, Robert"]
[Result "1-0"]
[WhiteElo "2460"]
[BlackElo "1825"]
[PlyCount "53"]
[EventDate "2007.??.??"]

1. e4 c5 2. Nf3 d6 3. Bb5+ Bd7 4. Bxd7+ Nxd7 5. O-O g6 6. c3 Ngf6 7. Qe2 Bg7 8.
d4 cxd4 9. cxd4 O-O 10. e5 dxe5 11. dxe5 Nd5 12. e6 N7b6 13. exf7+ Rxf7 14. Ng5
Rf6 15. Ne6 Qd6 16. Nxg7 Kxg7 17. Bd2 Re6 18. Qf3 Rf8 19. Bh6+ Kxh6 20. Qxf8+
Kg5 21. Nd2 Nf6 22. Nf3+ Kh5 23. Rad1 Qc7 24. Rd4 Re4 25. Rxe4 Nxe4 26. h3 g5
27. Qg7 1-0

[Event "7eme Open de Saint-Chely d'Aubrac"]
[Site "Saint-Chely d'Aubrac (12)"]
[Date "2007.07.16"]
[Round "4.5"]
[White "Desboeufs, Alexandre"]
[Black "Huin, Eric"]
[Result "1-0"]
[WhiteElo "2065"]
[BlackElo "1929"]
[PlyCount "67"]
[EventDate "2007.??.??"]

1. e4 e5 2. f4 d5 3. exd5 c6 4. dxc6 Nxc6 5. Bb5 exf4 6. Nf3 Bd6 7. d4 Nge7 8.
O-O O-O 9. c4 Bg4 10. Nc3 Bc7 11. Bxc6 bxc6 12. Ne2 Ng6 13. b3 Re8 14. Kh1 Qe7
15. Neg1 Rad8 16. Bb2 Nh4 17. Qd2 Nf5 18. Rfe1 Qf6 19. Rxe8+ Rxe8 20. Ne5 Qh6
21. Ngf3 Bxf3 22. Nxf3 Ng3+ 23. Kg1 Ne4 24. Re1 f5 25. Qd3 g5 26. h3 Qh5 27.
Nd2 Nxd2 28. Qxd2 Re4 29. d5 f3 30. Rxe4 fxe4 31. Qd4 Qg6 32. dxc6 f2+ 33. Kxf2
Qf5+ 34. Ke2 1-0

[Event "7eme Open de Saint-Chely d'Aubrac"]
[Site "Saint-Chely d'Aubrac (12)"]
[Date "2007.07.16"]
[Round "4.6"]
[White "Benedic, Patrick"]
[Black "Sidibe, Malika"]
[Result "1/2-1/2"]
[WhiteElo "2053"]
[BlackElo "1868"]
[PlyCount "42"]
[EventDate "2007.??.??"]

1. e4 c5 2. Nf3 Nc6 3. d4 cxd4 4. Nxd4 e5 5. Nb5 a6 6. Nd6+ Bxd6 7. Qxd6 Qf6 8.
Qxf6 Nxf6 9. Nc3 d5 10. exd5 Nb4 11. Bd3 Nxd3+ 12. cxd3 h6 13. O-O O-O 14. f4
Rd8 15. fxe5 Nxd5 16. Nxd5 Rxd5 17. Bf4 Rxd3 18. Rad1 Rxd1 19. Rxd1 Be6 20. a3
Rc8 21. Rc1 Rxc1+ 1/2-1/2

[Event "7eme Open de Saint-Chely d'Aubrac"]
[Site "Saint-Chely d'Aubrac (12)"]
[Date "2007.07.16"]
[Round "4.7"]
[White "Tournier, Jean-Pascal"]
[Black "Baeumlin, Francois"]
[Result "0-1"]
[WhiteElo "1888"]
[BlackElo "2018"]
[PlyCount "54"]
[EventDate "2007.??.??"]

1. e4 c5 2. Nf3 Nc6 3. d3 g6 4. g3 Bg7 5. Bg2 Nf6 6. O-O d5 7. Nbd2 O-O 8. Re1
dxe4 9. Nxe4 Nxe4 10. Rxe4 Be6 11. Re1 Qd7 12. Ng5 Bd5 13. Ne4 b6 14. Nc3 Bxg2
15. Kxg2 Nd4 16. Be3 Rac8 17. f3 Qc6 18. Rf1 Rfd8 19. Rf2 Nf5 20. Re2 c4 21.
Bf2 Bxc3 22. bxc3 cxd3 23. Rd2 Qxc3 24. Rxd3 Rxd3 25. cxd3 Qb2 26. Kg1 Rc2 27.
Qe1 Rxf2 0-1

[Event "7eme Open de Saint-Chely d'Aubrac"]
[Site "Saint-Chely d'Aubrac (12)"]
[Date "2007.07.16"]
[Round "4.8"]
[White "Duffau, Pascal"]
[Black "Mourgues, Joelle"]
[Result "1/2-1/2"]
[WhiteElo "2011"]
[BlackElo "1798"]
[PlyCount "53"]
[EventDate "2007.??.??"]

1. Nf3 Nf6 2. c4 e6 3. Nc3 Bb4 4. Qc2 O-O 5. g3 Nc6 6. Bg2 Rb8 7. O-O b6 8. d4
Na5 9. b3 d5 10. cxd5 exd5 11. Nb5 c6 12. Bf4 Rb7 13. a3 Be7 14. Nc3 Nh5 15.
Bc1 g6 16. Ne5 Bf5 17. Qd1 Be6 18. b4 f6 19. Nd3 Nc4 20. h3 Bf7 21. Nb2 b5 22.
Nd3 a5 23. Nc5 Ra7 24. Bh6 Re8 25. Qb3 g5 26. Rfe1 a4 27. Qd1 1/2-1/2

[Event "7eme Open de Saint-Chely d'Aubrac"]
[Site "Saint-Chely d'Aubrac (12)"]
[Date "2007.07.16"]
[Round "4.9"]
[White "Danzanvilliers, Patrice"]
[Black "Boulier, Rene"]
[Result "1-0"]
[WhiteElo "1858"]
[BlackElo "1971"]
[PlyCount "85"]
[EventDate "2007.??.??"]

1. e4 e6 2. d4 d5 3. Nc3 dxe4 4. Nxe4 Bd7 5. Nf3 Bc6 6. Bd3 Nd7 7. O-O Be7 8.
Re1 Ngf6 9. Ng3 Bxf3 10. Qxf3 c6 11. c3 O-O 12. Bd2 Re8 13. Nf1 Qa5 14. Ne3 Qh5
15. Qxh5 Nxh5 16. Nc4 g6 17. Be2 Ng7 18. Bf4 Red8 19. Bf3 a5 20. a4 Rdc8 21. h3
Ne8 22. g4 g5 23. Bg3 Nef6 24. Nd6 Bxd6 25. Bxd6 h6 26. c4 Ne8 27. Bg3 Nb6 28.
b3 Rd8 29. Rad1 Rd7 30. Kg2 Kg7 31. h4 Rad8 32. hxg5 hxg5 33. Re5 Rxd4 34.
Rxg5+ Kf8 35. Rxd4 Rxd4 36. Rxa5 Rd3 37. Ra7 Rd7 38. a5 Nc8 39. Ra8 Ne7 40. Rb8
f6 41. g5 Ng8 42. Bh5 Re7 43. Bd6 1-0

[Event "7eme Open de Saint-Chely d'Aubrac"]
[Site "Saint-Chely d'Aubrac (12)"]
[Date "2007.07.16"]
[Round "4.10"]
[White "Viennot, Dylan"]
[Black "Schmitt, Claude"]
[Result "1/2-1/2"]
[WhiteElo "1840"]
[BlackElo "1970"]
[PlyCount "22"]
[EventDate "2007.??.??"]

1. e4 c5 2. Nf3 e6 3. Nc3 d6 4. g3 a6 5. Bg2 Qc7 6. O-O Nf6 7. d3 Nbd7 8. Ne1
Rb8 9. f4 b5 10. Nf3 Bb7 11. Ne2 Be7 1/2-1/2

[Event "7eme Open de Saint-Chely d'Aubrac"]
[Site "Saint-Chely d'Aubrac (12)"]
[Date "2007.07.16"]
[Round "4.11"]
[White "Epstein, Raphael"]
[Black "Labarthe, Arnaud"]
[Result "1-0"]
[WhiteElo "1771"]
[BlackElo "1952"]
[PlyCount "75"]
[EventDate "2007.??.??"]

1. c4 Nc6 2. Nc3 e5 3. Nf3 g6 4. d3 Bg7 5. Bg5 f6 6. Bd2 d6 7. g3 Bg4 8. Bg2
Nge7 9. O-O Qd7 10. Re1 g5 11. Rb1 h5 12. b4 h4 13. b5 Nd8 14. e4 hxg3 15. fxg3
Ne6 16. Ne2 Bxf3 17. Bxf3 Nc5 18. Be3 Qh3 19. Bg2 Qxh2+ 20. Kf2 Qh7 21. Bxc5
dxc5 22. Rh1 Qg8 23. Rxh8 Bxh8 24. Nc3 g4 25. Qh1 O-O-O 26. Ke2 f5 27. Qh4 Qf7
28. Rf1 Bf6 29. Qh6 Rh8 30. Qe3 Rh2 31. Qg1 Qh5 32. exf5 Qh3 33. Rf2 Nxf5 34.
Bxh3 Nd4+ 35. Kd2 Rxh3 36. Rxf6 Nf3+ 37. Rxf3 gxf3 38. Ne4 1-0

[Event "7eme Open de Saint-Chely d'Aubrac"]
[Site "Saint-Chely d'Aubrac (12)"]
[Date "2007.07.16"]
[Round "4.12"]
[White "Messinger, Karl"]
[Black "Lemaire, Matthieu"]
[Result "1/2-1/2"]
[WhiteElo "1640"]
[BlackElo "1934"]
[PlyCount "114"]
[EventDate "2007.??.??"]

1. e4 e5 2. Nf3 Nc6 3. Bb5 a6 4. Ba4 Nf6 5. O-O Be7 6. Re1 b5 7. Bb3 d6 8. h3
O-O 9. c3 Nb8 10. d4 Nbd7 11. Nbd2 Bb7 12. Bc2 Re8 13. Nf1 Bf8 14. Ng3 g6 15.
Bg5 Bg7 16. Qd2 Nb6 17. b3 Qe7 18. Bh6 Qf8 19. Bxg7 Qxg7 20. Qg5 Nfd7 21. Rad1
Nf8 22. Nh2 Ne6 23. Qd2 a5 24. Ng4 h5 25. Nh2 Red8 26. Nf3 c6 27. Ng5 Nf4 28.
Ne2 Nxe2+ 29. Rxe2 Qf6 30. h4 Nd7 31. Re3 Qe7 32. Rd3 d5 33. Re3 exd4 34. Qxd4
c5 35. Qd2 dxe4 36. Bxe4 Bxe4 37. Rxe4 Ne5 38. Qe1 Rxd1 39. Qxd1 Rd8 40. Qe2 f6
41. f4 Qd7 42. fxe5 Qd1+ 43. Qxd1 Rxd1+ 44. Kf2 fxg5 45. hxg5 Kf7 46. e6+ Ke7
47. Re5 Rd2+ 48. Kg1 Rxa2 49. Rxc5 a4 50. Rxb5 axb3 51. Rxb3 Kxe6 52. Rb5 Rc2
53. Rc5 Kd6 54. Rc8 Ke5 55. Rf8 Rxc3 56. Rf6 Rg3 57. Rxg6 Kf5 1/2-1/2

[Event "7eme Open de Saint-Chely d'Aubrac"]
[Site "Saint-Chely d'Aubrac (12)"]
[Date "2007.07.16"]
[Round "4.13"]
[White "Chamba, Antoine"]
[Black "Mehiaoui, Dounia"]
[Result "1-0"]
[WhiteElo "2091"]
[BlackElo "1909"]
[PlyCount "83"]
[EventDate "2007.??.??"]

1. e4 e5 2. Bc4 Nf6 3. d4 Nc6 4. Nf3 exd4 5. O-O Be7 6. Re1 d5 7. exd5 Nxd5 8.
Nxd4 Nf6 9. Nxc6 Qxd1 10. Rxd1 bxc6 11. Re1 Nd5 12. Bb3 a5 13. c4 Nb6 14. Nc3
Be6 15. c5 Nd5 16. Ba4 O-O-O 17. Ne4 Nb4 18. Bg5 Bxg5 19. Nxg5 Bd5 20. Bb3 Bxb3
21. axb3 Nc2 22. Nxf7 Nxe1 23. Nxh8 Nf3+ 24. gxf3 Rxh8 25. Rxa5 Kb7 26. Ra4 Rd8
27. Re4 Rd7 28. Kg2 Ka6 29. f4 Kb5 30. b4 Ka4 31. h4 Kb3 32. Kg3 Kxb2 33. Kg4
Kc3 34. h5 Kd3 35. f3 Rf7 36. f5 h6 37. Re6 Kc4 38. f6 Kxb4 39. Kf5 Kxc5 40.
Kg6 Rxf6+ 41. Rxf6 gxf6 42. Kxh6 1-0

[Event "7eme Open de Saint-Chely d'Aubrac"]
[Site "Saint-Chely d'Aubrac (12)"]
[Date "2007.07.16"]
[Round "4.14"]
[White "Carno, Matthias"]
[Black "Lemaire, Olivier"]
[Result "1-0"]
[WhiteElo "1940"]
[BlackElo "1578"]
[PlyCount "107"]
[EventDate "2007.??.??"]

1. e4 c5 2. Nf3 d6 3. d4 cxd4 4. Nxd4 Nf6 5. Nc3 a6 6. a4 Nc6 7. Bc4 e6 8. O-O
Be7 9. Kh1 O-O 10. Be3 Nb4 11. f3 d5 12. exd5 Nbxd5 13. Nxd5 Nxd5 14. Bxd5 Qxd5
15. Ne2 Qc6 16. Nd4 Qc7 17. Qe2 Bd7 18. Rfd1 Rfd8 19. Bf2 Rac8 20. Bg3 Qb6 21.
c3 Bc6 22. Nf5 Qc5 23. Nxe7+ Qxe7 24. Bf2 Bd5 25. Bd4 Bb3 26. Rd2 e5 27. Re1
Bxa4 28. Bxe5 Rxd2 29. Qxd2 Qd8 30. Bd4 Qd7 31. Kg1 h6 32. Kf2 Re8 33. Rxe8+
Qxe8 34. g4 Qe7 35. Bxg7 Kxg7 36. Qd4+ Qf6 37. Qxa4 Kh7 38. Qe4+ Kg8 39. Qxb7
Qh4+ 40. Kg2 Qe1 41. Qc8+ Kg7 42. Qc5 Qe2+ 43. Qf2 Qb5 44. h4 f6 45. Qc2 a5 46.
h5 Qg5 47. Qg6+ Qxg6 48. hxg6 Kxg6 49. c4 Kf7 50. Kg3 Ke6 51. Kf4 Kd6 52. Ke4
Kc5 53. Kd3 Kb4 54. b3 1-0

[Event "7eme Open de Saint-Chely d'Aubrac"]
[Site "Saint-Chely d'Aubrac (12)"]
[Date "2007.07.16"]
[Round "4.15"]
[White "Rabier, Jean"]
[Black "Heudre, Dominique"]
[Result "1/2-1/2"]
[WhiteElo "1930"]
[BlackElo "1720"]
[PlyCount "38"]
[EventDate "2007.??.??"]

1. e4 e6 2. d4 d5 3. Be3 dxe4 4. Nd2 Nf6 5. f3 exf3 6. Ngxf3 Be7 7. Bd3 b6 8.
O-O Bb7 9. c3 Nbd7 10. Qe2 Nf8 11. Ne5 Ng6 12. Ndf3 a6 13. Rad1 Bxf3 14. Qxf3
Qd5 15. Qh3 Nxe5 16. dxe5 Qxe5 17. Bf4 Qc5+ 18. Be3 Qe5 19. Kh1 Qh5 1/2-1/2

[Event "7eme Open de Saint-Chely d'Aubrac"]
[Site "Saint-Chely d'Aubrac (12)"]
[Date "2007.07.16"]
[Round "4.16"]
[White "Jester, Christian"]
[Black "Martinez, Loic"]
[Result "1/2-1/2"]
[WhiteElo "1871"]
[BlackElo "1880"]
[PlyCount "41"]
[EventDate "2007.??.??"]

1. d4 Nf6 2. Nf3 b6 3. g3 Bb7 4. Bg2 d6 5. O-O Nbd7 6. c3 e6 7. Nbd2 Be7 8. Qc2
d5 9. e4 Nxe4 10. Nxe4 dxe4 11. Ne5 O-O 12. Nxd7 Qxd7 13. Bxe4 Bxe4 14. Qxe4
Qd5 15. Qf4 Bd6 16. Qg4 Kh8 17. Re1 Rae8 18. Bf4 Qb5 19. Bxd6 cxd6 20. Qe2 Qxe2
21. Rxe2 1/2-1/2

[Event "7eme Open de Saint-Chely d'Aubrac"]
[Site "Saint-Chely d'Aubrac (12)"]
[Date "2007.07.16"]
[Round "4.17"]
[White "Viennot, Kevin"]
[Black "Ruetsch, Johan"]
[Result "1/2-1/2"]
[WhiteElo "1760"]
[BlackElo "1590"]
[PlyCount "46"]
[EventDate "2007.??.??"]

1. e4 c5 2. d3 Nc6 3. g3 g6 4. Bg2 Bg7 5. c3 e6 6. f4 Nge7 7. Nf3 O-O 8. O-O f5
9. e5 d6 10. Re1 dxe5 11. Nxe5 Nxe5 12. fxe5 Rb8 13. Bg5 Qd7 14. Bxe7 Qxe7 15.
Na3 b6 16. d4 cxd4 17. cxd4 Rd8 18. Nc2 Bb7 19. Bxb7 Qxb7 20. Qd3 Rbc8 21. Rad1
Qc6 22. Nb4 Qc4 23. a3 Qxd3 1/2-1/2

[Event "7eme Open de Saint-Chely d'Aubrac"]
[Site "Saint-Chely d'Aubrac (12)"]
[Date "2007.07.16"]
[Round "4.18"]
[White "Tassetti, Florent"]
[Black "Mayet, Lucas"]
[Result "1/2-1/2"]
[WhiteElo "1560"]
[BlackElo "1741"]
[PlyCount "51"]
[EventDate "2007.??.??"]

1. Nf3 d5 2. g3 Nf6 3. Bg2 e6 4. O-O c5 5. d3 Nc6 6. Nbd2 Bd6 7. Re1 O-O 8. e4
Qc7 9. Qe2 dxe4 10. dxe4 e5 11. h3 a6 12. Nc4 b5 13. Nxd6 Qxd6 14. b3 Bb7 15.
Bb2 Nd4 16. Nxd4 cxd4 17. Rad1 Qc6 18. Rc1 b4 19. f4 exf4 20. gxf4 Qc5 21. Qf2
Rfd8 22. Rcd1 Rac8 23. Re2 Qa5 24. Rxd4 Rxd4 25. Qxd4 Rd8 26. Qc4 1/2-1/2

[Event "7eme Open de Saint-Chely d'Aubrac"]
[Site "Saint-Chely d'Aubrac (12)"]
[Date "2007.07.16"]
[Round "4.19"]
[White "Heudre, Clement"]
[Black "Cuq, Christian"]
[Result "0-1"]
[WhiteElo "1420"]
[BlackElo "1720"]
[PlyCount "97"]
[EventDate "2007.??.??"]

1. e4 d5 2. exd5 Qxd5 3. Nc3 Qa5 4. d3 Bf5 5. Bd2 c6 6. Nf3 e6 7. Ne2 Qc7 8.
Ng3 Bg6 9. Bc3 Nd7 10. Qe2 Ngf6 11. Ne5 Nd5 12. Nxd7 Nxc3 13. bxc3 Qxd7 14. Qe3
b6 15. Be2 Bd6 16. Ne4 Bc7 17. Qd4 Qxd4 18. cxd4 Rd8 19. c3 h6 20. Bf3 O-O 21.
Kd2 c5 22. dxc5 bxc5 23. Nxc5 Bb6 24. Ne4 Rd7 25. Ke2 Rfd8 26. Rhd1 f5 27. Ng3
e5 28. c4 Bd4 29. Rac1 Rc7 30. Rd2 Bh7 31. Rdc2 g5 32. Kf1 g4 33. Be2 Rdc8 34.
f3 f4 35. Ne4 gxf3 36. Bxf3 Kg7 37. Nd6 Rd8 38. Nb5 Rcd7 39. Nxd4 Bxd3+ 40. Ke1
Rxd4 41. Rd2 e4 42. Be2 Kf6 43. Bxd3 e3 44. Rdd1 Rxd3 45. Rxd3 Rxd3 46. Ke2
Rd2+ 47. Ke1 Rxg2 48. c5 f3 49. Kd1 0-1

[Event "7eme Open de Saint-Chely d'Aubrac"]
[Site "Saint-Chely d'Aubrac (12)"]
[Date "2007.07.16"]
[Round "4.20"]
[White "Luc, Rene"]
[Black "Marie, Olivier"]
[Result "1/2-1/2"]
[WhiteElo "1710"]
[BlackElo "1550"]
[PlyCount "112"]
[EventDate "2007.??.??"]

1. c4 c5 2. Nf3 Nc6 3. g3 g6 4. Bg2 Bg7 5. O-O Nh6 6. Nc3 Nf5 7. e3 h5 8. Rb1
e6 9. Ne4 Qe7 10. b3 Nb4 11. Bb2 Nxa2 12. Bxg7 Nxg7 13. Qc2 Nb4 14. Qb2 f5 15.
Nxc5 d6 16. Na4 g5 17. c5 d5 18. h4 gxh4 19. Nxh4 Rh6 20. Qc3 Nc6 21. b4 Qf6
22. Qxf6 Rxf6 23. b5 Ne5 24. d4 Ng6 25. Nf3 Bd7 26. Rfc1 Kf7 27. c6 bxc6 28.
bxc6 Be8 29. Rb7+ Kg8 30. c7 Rc8 31. Rb8 Ne7 32. Nb2 Rf8 33. Bf1 Bd7 34. Ne5
Rxb8 35. cxb8=Q Rxb8 36. Nxd7 Rxb2 37. Rc7 a5 38. Nc5 Kf8 39. Ra7 Ra2 40. Bb5
Kf7 41. Nb7 Nc8 42. Nd6+ Kf6 43. Nxc8 f4 44. exf4 Nf5 45. Nb6 Nxd4 46. Ba4 Nf3+
47. Kf1 Nh2+ 48. Ke1 Nf3+ 49. Kd1 Rd2+ 50. Kc1 Rxf2 51. Rxa5 Rf1+ 52. Bd1 Rg1
53. Ra3 Nd4 54. Rd3 Ne2+ 55. Kd2 Nxg3 56. Kc3 Kf5 1/2-1/2

[Event "7eme Open de Saint-Chely d'Aubrac"]
[Site "Saint-Chely d'Aubrac (12)"]
[Date "2007.07.16"]
[Round "4.21"]
[White "Desboeufs, Claude"]
[Black "Saucey, Milena"]
[Result "0-1"]
[WhiteElo "1660"]
[BlackElo "1380"]
[PlyCount "50"]
[EventDate "2007.??.??"]

1. c4 e5 2. Nc3 Nf6 3. Nf3 Nc6 4. g3 Bc5 5. Bg2 d5 6. cxd5 Nxd5 7. O-O Nxc3 8.
bxc3 e4 9. Ne1 Bf5 10. Nc2 O-O 11. Ne3 Bg6 12. Qc2 Re8 13. Rb1 Bb6 14. Bb2 Qd7
15. Rbd1 Rad8 16. Qc1 Bh5 17. Rfe1 Bg4 18. Nxg4 Qxg4 19. e3 Ne5 20. Rf1 Nf3+
21. Kh1 Rd6 22. d4 Rh6 23. Bxf3 exf3 24. Rg1 Rxh2+ 25. Kxh2 Qh5# 0-1

[Event "7eme Open de Saint-Chely d'Aubrac"]
[Site "Saint-Chely d'Aubrac (12)"]
[Date "2007.07.16"]
[Round "4.22"]
[White "Schneider, Martin"]
[Black "Gazel, Bruno"]
[Result "0-1"]
[WhiteElo "1199"]
[BlackElo "1630"]
[PlyCount "42"]
[EventDate "2007.??.??"]

1. Nf3 Nf6 2. g3 g6 3. Bg2 Bg7 4. O-O O-O 5. Nc3 d5 6. d4 c6 7. e3 Re8 8. Ne5
Nbd7 9. Nxd7 Bxd7 10. Qe2 e5 11. dxe5 Rxe5 12. e4 dxe4 13. Nxe4 Nxe4 14. Bxe4
f5 15. Qc4+ Be6 16. Qd3 Rxe4 17. Qxd8+ Rxd8 18. Bg5 Rd7 19. Rad1 Red4 20. Rxd4
Bxd4 21. Rd1 Bxf2+ 0-1

[Event "7eme Open de Saint-Chely d'Aubrac"]
[Site "Saint-Chely d'Aubrac (12)"]
[Date "2007.07.16"]
[Round "4.23"]
[White "Saucey, Capucine"]
[Black "Vernet, Pierrick"]
[Result "1-0"]
[WhiteElo "1629"]
[BlackElo "1199"]
[PlyCount "75"]
[EventDate "2007.??.??"]

1. e4 e5 2. Nf3 Nc6 3. Bc4 Bc5 4. d3 Nf6 5. Bg5 d6 6. Nc3 h6 7. Bh4 g5 8. Nxg5
hxg5 9. Bxg5 Rh5 10. Qxh5 Nxh5 11. Bxd8 Nxd8 12. Nd5 Ne6 13. b4 b5 14. Bxb5+
Kd8 15. bxc5 dxc5 16. Rb1 Bb7 17. g4 Nhf4 18. Nxf4 exf4 19. h4 a6 20. Bc4 Rb8
21. Bxa6 Kc8 22. Bxb7+ Rxb7 23. Rxb7 Kxb7 24. h5 Kc8 25. h6 Kd8 26. h7 Ke8 27.
h8=R+ Nf8 28. Rxf8+ Kxf8 29. Rh8+ Kg7 30. Rc8 Kh6 31. Rxc7 Kg5 32. Rxc5+ Kxg4
33. Rf5 f6 34. Rxf4+ Kxf4 35. a4 Ke5 36. f4+ Kxf4 37. Kf2 Ke5 38. a5 1-0

[Event "7eme Open de Saint-Chely d'Aubrac"]
[Site "Saint-Chely d'Aubrac (12)"]
[Date "2007.07.16"]
[Round "4.24"]
[White "Meyer, Bernard"]
[Black "Manser, Luca"]
[Result "1-0"]
[WhiteElo "1410"]
[BlackElo "1590"]
[PlyCount "117"]
[EventDate "2007.??.??"]

1. d4 d5 2. c4 e6 3. Nc3 Nf6 4. Nf3 Bb4 5. Bg5 O-O 6. e3 b6 7. cxd5 exd5 8. Be2
Bb7 9. O-O Bxc3 10. bxc3 c5 11. Ne5 Qd6 12. Bf4 Qd8 13. Bf3 Nc6 14. Rb1 Rb8 15.
Nxc6 Bxc6 16. Bxb8 Qxb8 17. dxc5 Qc7 18. cxb6 axb6 19. Qd4 Rb8 20. Rfc1 Qa7 21.
Rb2 Qa5 22. Rcb1 b5 23. h3 Qb6 24. Qxb6 Rxb6 25. a4 b4 26. a5 Ra6 27. cxb4 Bd7
28. Rc2 h6 29. Rc7 Bb5 30. Rc5 Bd3 31. Rd1 Be4 32. Bxe4 Nxe4 33. Rc8+ Kh7 34.
Rxd5 Nf6 35. Rdc5 Ne4 36. R5c6 Ra7 37. a6 Nf6 38. R6c7 Rxa6 39. Rxf7 Nd5 40. b5
Rb6 41. e4 Rxb5 42. exd5 Rxd5 43. Rcc7 Rd1+ 44. Kh2 Kh8 45. Rxg7 Rd8 46. Rh7+
Kg8 47. Rxh6 Re8 48. f4 Rd8 49. f5 Re8 50. f6 Rd8 51. f7+ Kg7 52. Rh4 (52.
f8=Q+ Kxf8 53. Rh8#) 52... Rb8 53. Re4 Rf8 54. h4 Kg6 55. Rg4+ Kf6 56. h5 Ke6
57. Rg6+ Kf5 58. Rg8 Rxg8 59. fxg8=Q 1-0